| 000 | 00424nam a2200157 a 4500 | ||
|---|---|---|---|
| 001 | 5560 | ||
| 003 | CDMR | ||
| 005 | 20131028161134.0 | ||
| 008 | 130130s1984||||||||||||||||||||||||||||d | ||
| 020 | _a8439303378 | ||
| 040 |
_aCDMR _bcat _cCPC GIRONA |
||
| 245 | 0 | _aSil·labus processal civil i formularis | |
| 260 |
_c1984 _bGeneralitat de Catalunya. Departament de JustÃcia _a[Barcelona] |
||
| 300 | _a212 p. | ||
| 942 |
_cMON _2udc |
||
| 999 |
_c5560 _d5560 |
||